000 01000cam a2200337 i 4500
001 98511
005 20230404125949.0
008 101227s2010 bl b 000 0 por c
035 _a(OCoLC)ocn694367549
040 _aCGU
_beng
_cCGU
_erda
020 _a9788501088970
020 _a8501088978
035 _a(OCoLC)694367549
042 _apcc
050 1 4 _a103 F 2538.3
_bP436l 2010
100 1 _aPereira, Merval,
_d1950-
245 1 2 _aO Lulismo no poder /
_cMerval Pereira.
250 _a2a edicáo.
260 _aRio de Janeiro :
_bEditora Record,
_c2010.
300 _a779 p. ;
_c23 cm.
600 0 0 _aLula,
_d1945-
651 0 _aBrazil
_xPolitics and government
_y21st century.
650 0 _aPolitical corruption
_zBrazil.
651 0 _aBrazil
_xForeign relations
_y2003-
600 1 4 _aSilva, Luiz Inácio da,
_d1945-
651 4 _aBrasil
_xPolítica y gobierno
_ySiglo XXI.
651 4 _aBrasil
_xRelaciones exteriores
_y2003-
942 _2lcc
_cbk
946 _aKK
994 _aC0
_bDRFGD
999 _c8202
_d8202